Dementia. (Record no. 723)

000 -LEADER
fixed length control field 00888nam a22003017a 4500
001 - CONTROL NUMBER
control field 4127904
003 - CONTROL NUMBER IDENTIFIER
control field OSt
005 - DATE AND TIME OF LATEST TRANSACTION
control field 20210421083256.0
008 - FIXED-LENGTH DATA ELEMENTS--GENERAL INFORMATION
fixed length control field 711230s1971 paua b 001 0 eng
010 ## - LIBRARY OF CONGRESS CONTROL NUMBER
LC control number 76158653
020 ## - INTERNATIONAL STANDARD BOOK NUMBER
International Standard Book Number 080369220X
040 ## - CATALOGING SOURCE
Original cataloging agency eng
Transcribing agency DLC
Modifying agency eng
050 00 - LIBRARY OF CONGRESS CALL NUMBER
Classification number RC386.2
Item number .D44
080 ## - UNIVERSAL DECIMAL CLASSIFICATION NUMBER
Universal Decimal Classification number 616.8
Item number W-50
082 00 - DEWEY DECIMAL CLASSIFICATION NUMBER
Classification number 616.89
245 00 - TITLE STATEMENT
Title Dementia.
Statement of responsibility, etc. Charles E. Wells, editor.
Remainder of title / by : F. A. Davis Company
260 ## - PUBLICATION, DISTRIBUTION, ETC.
Place of publication, distribution, etc. Philadelphia,
Name of publisher, distributor, etc. F. A. Davis Company
Date of publication, distribution, etc. 1971
300 ## - PHYSICAL DESCRIPTION
Extent ix, 239 p.
Other physical details illus.
Dimensions 27 cm.
440 #0 - SERIES STATEMENT/ADDED ENTRY--TITLE
Title Contemporary neurology series,
Volume/sequential designation no. 9
504 ## - BIBLIOGRAPHY, ETC. NOTE
Bibliography, etc. note Includes bibliographies.
650 #0 - SUBJECT ADDED ENTRY--TOPICAL TERM
Topical term or geographic name entry element Dementia.
650 #0 - SUBJECT ADDED ENTRY--TOPICAL TERM
Topical term or geographic name entry element Neurology
9 (RLIN) 100
653 ## - INDEX TERM--UNCONTROLLED
Uncontrolled term ნევროლოგია
653 ## - INDEX TERM--UNCONTROLLED
Uncontrolled term დემენცია
700 1# - ADDED ENTRY--PERSONAL NAME
Personal name Wells, Charles E.,
Dates associated with a name 1929-
Relator term editor
906 ## - LOCAL DATA ELEMENT F, LDF (RLIN)
a 7
b cbc
c orignew
d 2
e ncip
f 19
g y-gencatlg
942 ## - ADDED ENTRY ELEMENTS (KOHA)
Source of classification or shelving scheme
Koha item type Books
Holdings
Withdrawn status Lost status Source of classification or shelving scheme Damaged status Not for loan Permanent location Current location Date acquired Inventory number Total Checkouts Full call number Barcode Date last seen Price effective from Koha item type
          Ken Walker International University Ken Walker International University 12/18/2020 2167   616.8 W-50 2167 12/18/2020 12/18/2020 Books

Powered by Koha